Modelovanie úverového vzťahu v podmienkach otvorenej ekonomiky
Model dvojice otvorených ekonomík, ktoré sú previazané úverovým vzťahom. Celkový output ekonomík je daný, pričom ekonomickí agenti sa rozhodujú akú časť outputu spotrebujú a akú časť sa rozhodnú požičať na spotrebu do zahraničia, resp. koľko si zo zahraničia požičajú na súčasnú spotrebu. Úverový vz...
Salvato in:
| Autore principale: | |
|---|---|
| Natura: | Capitolo di libro |
| Lingua: | slovacco |
| Soggetti: | |
| Tags: |
Nessun Tag, puoi essere il primo ad aggiungerne!!
|
MARC
| LEADER | 00000nla$a2200000$$$4500 | ||
|---|---|---|---|
| 001 | 0145434 | ||
| 005 | 20240517113054.3 | ||
| 041 | 0 | |a slo | |
| 044 | |a SK | ||
| 245 | 1 | 0 | |a Modelovanie úverového vzťahu v podmienkach otvorenej ekonomiky |c Daniel Dujava |
| 520 | |a Model dvojice otvorených ekonomík, ktoré sú previazané úverovým vzťahom. Celkový output ekonomík je daný, pričom ekonomickí agenti sa rozhodujú akú časť outputu spotrebujú a akú časť sa rozhodnú požičať na spotrebu do zahraničia, resp. koľko si zo zahraničia požičajú na súčasnú spotrebu. Úverový vzťah vzniká ako výsledok rôznej miery časovej preferencie domácností. Skúma sa dynamiku spotreby, úrokovej miery a dlhu. | ||
| 610 | 2 | 0 | |a hospodárstvo otvorené |
| 610 | 2 | 0 | |a modely |
| 610 | 2 | 0 | |a dlhy |
| 610 | 2 | 0 | |a úver zahraničný |
| 100 | 1 | |a Dujava, Daniel | |